Organización y decisión. Autopioesis, acción y entendimiento comunicativo / (Record no. 13867)

MARC details
000 -LEADER
campo de control de longitud fija 00901nam a2200277 i 4500
001 - NÚMERO DE CONTROL
campo de control 13867
003 - IDENTIFICADOR DE NÚMERO DE CONTROL
campo de control ES-MaACL
005 - FECHA Y HORA DE LA ÚLTIMA TRANSACCIÓN
campo de control 20230906150658.0
007 - CAMPO FIJO DE DESCRIPCIÓN FÍSICA--INFORMACIÓN GENERAL
campo de control de longitud fija t|
008 - DATOS DE LONGITUD FIJA--INFORMACIÓN GENERAL
campo de control de longitud fija 980715s1997 sp ||||1| spa d
020 ## - NÚMERO INTERNACIONAL ESTÁNDAR DEL LIBRO
Número Internacional Estándar del Libro 84-7658-517-9
080 ## - NÚMERO DE LA CLASIFICACIÓN DECIMAL UNIVERSAL
Número de la Clasificación Decimal Universal 159.947.224
080 ## - NÚMERO DE LA CLASIFICACIÓN DECIMAL UNIVERSAL
Número de la Clasificación Decimal Universal 316.354
100 1# - ENTRADA PRINCIPAL--NOMBRE DE PERSONA
Nombre de persona Luhmann, Niklas.
9 (RLIN) 74673
245 10 - MENCIÓN DEL TÍTULO
Título Organización y decisión. Autopioesis, acción y entendimiento comunicativo /
Mención de responsabilidad, etc. Niklas Luhmann ; introducción de Darío Rodríguez Mansilla.
250 ## - MENCION DE EDICION
Mención de edición 1ª ed.
260 ## - PUBLICACIÓN, DISTRIBUCIÓN, ETC.
Lugar de publicación, distribución, etc. Barcelona [etc.] :
Nombre del editor, distribuidor, etc. Anthropos [etc.],
Fecha de publicación, distribución, etc. 1997.
300 ## - DESCRIPCIÓN FÍSICA
Extensión XXXIII, 138 p. ;
Dimensiones 18 cm.
490 1# - MENCIÓN DE SERIE
Mención de serie Biblioteca A ;
Designación de volumen o secuencia 27.
Mención de serie Sociedad
650 14 - PUNTO DE ACCESO ADICIONAL DE MATERIA--TÉRMINO DE MATERIA
Término de materia o nombre geográfico como elemento de entrada Decisión.
9 (RLIN) 11539
650 14 - PUNTO DE ACCESO ADICIONAL DE MATERIA--TÉRMINO DE MATERIA
Término de materia o nombre geográfico como elemento de entrada Organizaciones.
9 (RLIN) 15760
700 1# - ENTRADA AGREGADA--NOMBRE PERSONAL
Nombre de persona Rodríguez Mansilla, Darío.
9 (RLIN) 98632
830 0# - PUNTO DE ACCESO ADICIONAL DE SERIE-TÍTULO UNIFORME
Título uniforme Biblioteca A ;
Designación de volumen o secuencia 27.
Título uniforme Sociedad
9 (RLIN) 179526
852 ## - LOCALIZACIÓN
Ubicación ES-MaACL
Número de control de estantería L-21162
Sublocalización o colección R.126488
Holdings
Estatus retirado Estado de pérdida Estado de daño No para préstamo Biblioteca de origen Biblioteca actual Ubicación en estantería Fecha de adquisición Fuente de adquisición Total de préstamos Signatura topográfica completa Código de barras Visto por última vez Precio de reemplazo Tipo de ítem Koha
        Biblioteca del Ateneo de Madrid Biblioteca del Ateneo de Madrid Depósito 2 17/01/2008     L-21162 1014111 23/02/2023 23/02/2023 Libro impreso